000 00770nam a2200265Ia 4500
003 OSt
005 20220918164506.0
006 a|||||r|||| 00| 0
007 ta
008 220917b |||||||| |||| 00| 0 eng d
020 _a0631201254 (pbk)
024 _a171,505
037 _cTextual
040 _aARTS
_cARTS
_beng
041 _2eng
_aeng
082 _aR4(Q), P1 (SC)
100 _aFasching Darrell J.
_919140
245 0 _aComparative religious ethics
_b a narrative approach
260 _aLondon
_bBlackwell Publishers
_c2001
300 _aix, 325p.
_ccm.
650 _aETHICS; RELIGION
_919141
700 _a De Chant Dell
_919142
942 _hR4(Q), P1 (SC)
_cTEXL
_2CC
999 _c124998
_d124998